000 00453nam a22001697a 4500
003 CEME
005 20210628203137.0
008 210201b xxu||||| |||| 00| 0 eng d
040 _c.
082 _a363.7 WOR
100 _aPakistan Engineering Congress
_951471
245 _aWorld environment day , june 2010
260 _aLAHORE
_bPAKISTAN ENGINEERING CONGRESS
_c2010
300 _a160P
650 _aWORLD ENVIRONMENT DAY
_963612
942 _cBK
_2ddc
999 _c572371
_d572371